000 00682cam a2200229 a 4500
001 000008440
005 20200929161337.0
008 940203s1993 sp 000 f spa
020 _a8420481297
040 _aDO-SdBNP
_bspa
_cBNPHU
082 _aPa863.44
_bR628fi
100 1 _aRoa Bastos, Augusto,
_d1917-2005
_915047
245 1 3 _aEl fiscal /
_cAugusto Roa Bastos.
260 _aMadrid :
_bAlfaguara,
_c1993.
300 _a352 p. ;
_c22 cm.
490 1 _aAlfaguara hispánica
_v108
650 4 _aNovela paraguaya
_915048
650 4 _aLiteratura paraguaya
_915641
830 0 _aAlfaguara hispánica ;
_n108
_922726
910 _aValidado. Control de calidad MFF
049 _aBNGR
999 _c8211
_d8211